| 000 | 00750nam a2200217 i 4500 | ||
|---|---|---|---|
| 001 | 95755 | ||
| 003 | ES-MaACL | ||
| 005 | 20241211113750.0 | ||
| 007 | t| | ||
| 008 | 050603s1978 sp ||||1| spa d | ||
| 100 | 1 |
_aLluís y Navas, Jaime. _972976 |
|
| 245 | 1 | 0 |
_aEstudios sobre Historia del Derecho y la Política Económicosocial / _cJaime Lluís y Navas. |
| 260 |
_aBarcelona : _bC.E.A.H.E., _c1978. |
||
| 300 |
_a127 p. ; _c24 cm. |
||
| 600 | 1 | 7 |
_aMariana, Juan de, _d1536-1624. _tTratado de la moneda de vellón _2 _9154804 |
| 650 | 4 |
_aSociedades- _xHistoria. _9154805 |
|
| 650 | 0 | 4 |
_aDerecho- _zEspaña- _yS.V-XV. _911617 |
| 650 |
_aParticipación de los trabajadores. _915852 |
||
| 852 |
_aES-MaACL _jA-9259 _bR.98061 |
||
| 999 |
_c95755 _d95755 |
||